Saving energy in the private rented sector (Record no. 66394)
[ view plain ]
| 000 -LEADER | |
|---|---|
| fixed length control field | 01458cam a2200229 4500 |
| 001 - CONTROL NUMBER | |
| control field | ABS63691 |
| 008 - FIXED-LENGTH DATA ELEMENTS--GENERAL INFORMATION | |
| fixed length control field | 000000n2001 000 0 eng u |
| 035 ## - SYSTEM CONTROL NUMBER | |
| System control number | (Sirsi) u111431 |
| 100 ## - MAIN ENTRY--PERSONAL NAME | |
| Personal name | Wilkinson, S. |
| 245 ## - TITLE STATEMENT | |
| Title | Saving energy in the private rented sector |
| 260 ## - PUBLICATION, DISTRIBUTION, ETC. | |
| Date of publication, distribution, etc. | 2001 |
| 490 ## - SERIES STATEMENT | |
| Series statement | CSM (Chartered Surveyor Monthly) |
| Volume/sequential designation | March 2001, 27(1) |
| 520 ## - SUMMARY, ETC. | |
| Summary, etc. | Describes, and considers, the results of a project undertaken in 2000 at Sheffield Hallam University, investigating levels of energy efficiency in the private rented sector, and the scope for improvement. The key finding was that there is considerable potential for improving energy efficiency. The research findings demonstrate that private landlords have little incentive to improve energy efficiency, and many are sceptical about the capital return on any investment they make. The implication is that the future success of energy efficiency policies in the private rented sector depends on demonstrating the potential for cost-effective energy savings. To obtain a copy of the full report - 'Barriers and opportunities to improve energy efficiency in the private rented sector', contact RICS Books: 020 7222 7000. |
| 590 ## - LOCAL NOTE (RLIN) | |
| Local note | ABS |
| 650 ## - SUBJECT ADDED ENTRY--TOPICAL TERM | |
| Topical term or geographic name entry element | PRIVATE RENTED SECTOR |
| 650 ## - SUBJECT ADDED ENTRY--TOPICAL TERM | |
| Topical term or geographic name entry element | RESEARCH |
| 650 ## - SUBJECT ADDED ENTRY--TOPICAL TERM | |
| Topical term or geographic name entry element | SHEFFIELD HALLAM UNIVERSITY |
| 650 ## - SUBJECT ADDED ENTRY--TOPICAL TERM | |
| Topical term or geographic name entry element | LANDLORDS |
| 650 ## - SUBJECT ADDED ENTRY--TOPICAL TERM | |
| Topical term or geographic name entry element | COSTS |
| 690 ## - LOCAL SUBJECT ADDED ENTRY--TOPICAL TERM (OCLC, RLIN) | |
| Topical term or geographic name as entry element | ENVIRONMENTAL AND LAND CONSULTANCY-ENERGY-ENERGY USE-ENERGY EFFICIENCY |
| 942 ## - ADDED ENTRY ELEMENTS (KOHA) | |
| Suppress in OPAC | 0 |
| Withdrawn status | Lost status | Source of classification or shelving scheme | Damaged status | Not for loan | Home library | Current library | Shelving location | Date acquired | Total Checkouts | Full call number | Barcode | Date last seen | Copy number | Price effective from | Koha item type |
|---|---|---|---|---|---|---|---|---|---|---|---|---|---|---|---|
| Dewey Decimal Classification | London | London | Journal article | 14/03/2001 | ABS63691 | 111431-1001 | 06/08/2019 | 1 | 06/08/2019 | Journal article |